Gramática castellana
Αποθηκεύτηκε σε:
| Κύριος συγγραφέας: | |
|---|---|
| Μορφή: | Βιβλίο |
| Γλώσσα: | Ισπανικά |
| Έκδοση: |
Santiago
Salesiana
1993
|
| Έκδοση: | 14a. ed |
| Θέματα: | |
| Ετικέτες: |
Προσθήκη ετικέτας
Δεν υπάρχουν, Καταχωρήστε ετικέτα πρώτοι!
|
MARC
| LEADER | 00000nam a2200000 a 4500 | ||
|---|---|---|---|
| 001 | UCH7923 | ||
| 003 | CL-VaPUC | ||
| 008 | 091127e19930000CL |||||||||||||||||spa|d | ||
| 082 | 0 | 4 | |a 465 |b ROA |2 21 |
| 100 | 0 | |a Roa Bleck, Alejo |e author |9 544297 | |
| 245 | 1 | 0 | |a Gramática castellana |
| 250 | |a 14a. ed | ||
| 300 | |a 342 p | ||
| 942 | |c BK | ||
| 945 | |d 20091127 00:00:00 |a lazolas | ||
| 260 | |a Santiago |b Salesiana |c 1993 | ||
| 650 | 0 | |a Español gramática |9 264564 | |
| 583 | |a last modification |c 20091127 00:00:00 |k Rodrigo Vera | ||
| 999 | |c 338230 |d 338228 | ||